| 000 | 01384cam a22003375a 4500 | ||
|---|---|---|---|
| 001 | 16917243 | ||
| 005 | 20161023142752.0 | ||
| 008 | 110812t2012 nyua frb 001 0 eng d | ||
| 010 | _a 2011033835 | ||
| 020 | _a9780307888907 (hc : alk. paper) | ||
| 020 | _a9780307888921 | ||
| 020 | _a9780307888914 (tr : alk. paper) | ||
| 040 |
_aDLC _beng _cDLC _dDLC _dEG-ScBUE |
||
| 082 | 0 | 4 |
_a650.1 _bHOF _222 |
| 100 | 1 | _aHoffman, Reid. | |
| 245 | 1 | 4 |
_aThe start-up of you : _badapt to the future, invest in yourself and transform your career / _cReid Hoffman and Ben Casnocha. |
| 250 | _a1st ed. | ||
| 260 |
_aNew York : _bCrown Business, _cc.2012. |
||
| 300 |
_ax, 260 p. : _bill. ; _c22 cm. |
||
| 500 | _aIndex : p. [249]-260. | ||
| 504 | _aIncludes bibliographical references. | ||
| 505 | 0 | _aAll humans are entrepreneurs -- Develop a competitive advantage -- Fit the pieces together -- Plan to adapt -- It takes a network -- The structure and strength of your existing network -- How to strengthen and maintain your network -- Pursue breakout opportunties -- Take intelligent risk -- Who you know is what you know. | |
| 650 | 0 |
_aCareer changes. _2BUEsh |
|
| 650 | 0 |
_aCareer development. _2BUEsh |
|
| 650 | 0 |
_aBusiness networks. _2BUEsh _911259 |
|
| 651 | _2BUEsh | ||
| 653 |
_bGGEN _cOctober2016 |
||
| 655 |
_vReading book _934232 |
||
| 700 | 1 | _aCasnocha, Ben. | |
| 942 | _2ddc | ||
| 999 |
_c22794 _d22766 |
||